000 00417nam a2200145Ia 4500
008 211109s9999||||xx |||||||||||||| ||und||
082 _a894.8126
_bWAR-C
100 _aWarrier, K P K
245 0 _aC Achutha Menonte 33 Kathukal
260 _bDC Books
_aKottayam
_c1991
300 _a89p
630 _xGENERAL STACK
650 _aMalayalam literature
_vMalayalam letters
_xLiterature & rhetoricGeneralia
942 _cBOOK
999 _c44908
_d44908